000 00843 a2200205 4500
020 _a003024482X
020 _a9780030244827
082 0 4 _a658.84
090 _c1038
_d1038
100 1 _aRosenbloom, Bert.
245 1 0 _aMarketing channels /
_cBert Rosenbloom.
250 _a6th ed.
260 _a[S.l.] :
_bHarcourt Brace College Publishers,
_c1998.
300 _a720 p. ;
_c26 cm.
500 _aHardcover.
520 _aThis volume examines channel management, relationship marketing and the role of technology as marketing channels move into the 21st century. This edition has been updated with new information.
856 4 0 _3Amazon.com
_uhttp://www.amazon.com/exec/obidos/ASIN/003024482X/chopaconline-20
856 4 0 _3Amazon customer reviews
_uhttp://www.chopac.org/cgi-bin/tools/azrev.pl?q=003024482X
942 _aNBS
_cBK
_k658.87 ROS
999 _c343573
_d343573